Akzent und Betonung im Russischen
| Titel: | Akzent und Betonung im Russischen [Elektronische Ressource] / Werner Lehfeldt |
|---|---|
| Verfasser: | |
| Ausgabe: | 2., verb. und erw. Aufl. |
| Veröffentlicht: | München [u.a.] : Sagner, 2012 |
| Umfang: | XII, 174 S. : graph. Darst. ; 21 cm |
| Format: | E-Book |
| Sprache: | Deutsch |
| Schriftenreihe/ mehrbändiges Werk: |
Slavistische Beiträge ; 485 Slavistische Beiträge. Studienhilfen ; 18 |
| RVK-Notation: | Vorliegende Ausgabe: | Online-Ausg.: [Pieterlen]: Lang, - Online-Ressource. |
| ISBN: | 9783866882324 ; 9783866882331 (Sekundärausgabe) |
| Hinweise zum Inhalt: |
Inhaltsverzeichnis
|
alg: 33601749
001A $00026:03-02-14
001B $05000:08-01-20 $t10:22:28.000
001D $00026:03-02-14
001U $0utf8
001X $00
002@ $0Oau
003@ $0336017499
003O $0840775277 $aOCoLC
004A $A978-3-86688-232-4 $fkart. : EUR 19.80 (DE) (freier Pr.), EUR 20.40 (AT) (freier Pr.)
004E/01 $01485
004G $A978-3-86688-233-1
004P $010.3726/b12063
007A $0336017499 $aHEB
007I $0PL-9783866882324
009P $qapplication/pdf $A2 $3Inhaltsverzeichnis $uhttp://d-nb.info/1024706095/04 $mB:DE-101
009Q $uhttps://www.peterlang.com/search?f_0=identifier&level=parent&q_0=9783866882331 $xH
010@ $ager
011@ $a2012
016A $aDg
017A $asf
017B $aZDB-114-VOS
017B $aZDB-114-LAC
021A $aAkzent und Betonung im Russischen $hWerner Lehfeldt $nElektronische Ressource
028A $#Лефельдт, Вернер $#Lehfeldt, Johannes Otto Werner $#Lefelʹdt, V. $#Lefelʹdt, Verner $#Лефельдт, Вернер $#Лефельдт, В. $7124720528 $8Lehfeldt, Werner$Z1943- [Tp1] $9112622070
032@ $a2., verb. und erw. Aufl.
032C $a[Online-Ausg.]
033A $pMünchen {[u.a.] $nSagner
033N $p[Pieterlen] $nLang
033Q $aOnline-Ressource
034D $aXII, 174 S.
034I $a21 cm
034M $agraph. Darst.
036E $aSlavistische Beiträge $l485
036E/01 $aSlavistische Beiträge. Studienhilfen $l18
036F $x3485 $8Slavistische Beiträge $9335987338 $l485
036F/01 $x218 $8Slavistische Beiträge. Studienhilfen $9016575881 $l18
037G $aOnline-Ausg.:
041A $ROstslawische Sprachen $#Russian language $#Russe (langue) $#Großrussisch $#Russische Sprache $74051038-4 $8Russisch [Tsz] $9085142212
041A/01 $RSchriftsprache $RSprache $RGemeinsprache $#Standard language $#Normalisation linguistique $#Hochsprache $#Einheitssprache $#Hochsprache $74077831-9 $8Standardsprache [Ts1] $9085220574
041A/02 $RAkzent $#Lexikalischer Akzent $#Wortbetonung $74079387-4 $8Wortakzent [Ts1] $9085225711
045E $c491.8
045F $a491.716 $eDDC22ger
045F/01 $a491.7
045F/03 $k16
045Z $8KG 1378 [Tkv] $9409175048
046M $aLiteraturverz. S. [157] - 169
lok: 33601749 24
exp: 33601749 24 1 #EPN
201B/01 $005-03-15 $t15:41:10.000
201C/01 $005-03-15
201U/01 $0utf8
203@/01 $0751106941
208@/01 $a05-03-15 $bo
209B/01 $aSagner $x05
209S/01 $uhttp://digital.kubon-sagner.com/title/1485E/ $XH
237A/01 $aOnline-Zugang nur im Netz des Herder Instituts
lok: 33601749 204
exp: 33601749 204 1 #EPN
201B/01 $027-09-18 $t08:12:31.000
201C/01 $028-06-18
201U/01 $0utf8
203@/01 $01023920298
204P/01 $010.3726/b12063
208@/01 $a28-06-18 $bo994
209B/01 $alang $x05
220C/01 $aACQ18008782
220C/01 $aLang Slavistik Online bis 2017
237A/01 $aOnline-Zugang nur im Netz der Universität Gießen.
lok: 33601749 205
exp: 33601749 205 1 #EPN
201B/01 $031-10-25 $t11:51:45.000
201C/01 $031-10-25
201U/01 $0utf8
203@/01 $01320838855
204P/01 $010.3726/b12063
208@/01 $a31-10-25 $bo
209B/01 $aebo $x05
209B/01 $alac $x06
237A/01 $aE-Book ggfs. nicht dauerhaft im Bestand. Zugang entfaellt am: 31.10.2026
| LEADER | 00000cam a2200000 c 4500 | ||
|---|---|---|---|
| 001 | 336017499 | ||
| 003 | DE-603 | ||
| 005 | 20200108102228.0 | ||
| 007 | cr|||||||||||| | ||
| 008 | 140203s2012 xx |||| o| u00||u|ger c | ||
| 020 | |a 9783866882324 |c kart. : EUR 19.80 (DE) (freier Pr.), EUR 20.40 (AT) (freier Pr.) | ||
| 020 | |a 9783866882331 (Sekundärausgabe) | ||
| 024 | 7 | |a 10.3726/b12063 |2 doi | |
| 028 | 5 | 2 | |a 1485 |
| 035 | |a (DE-599)HEB336017499 | ||
| 035 | |a (OCoLC)840775277 | ||
| 040 | |a DE-603 |b ger |c DE-603 |d DE-603 | ||
| 041 | |a ger | ||
| 082 | 0 | 4 | |8 1\u |a 491.716 |q DE-101 |2 22/ger |
| 084 | |a 491.8 |q DE-101 |2 sdnb | ||
| 084 | |a KG 1378 |0 (DE-625)75729: |0 (DE-603)409175048 |2 rvk | ||
| 085 | |8 1\u |b 491.7 | ||
| 085 | |8 1\u |z 4 |s 16 | ||
| 090 | |a b | ||
| 100 | 1 | |a Lehfeldt, Werner |d 1943- |0 (DE-603)112622070 |0 (DE-588)124720528 |2 gnd | |
| 245 | 0 | 0 | |a Akzent und Betonung im Russischen |h [Elektronische Ressource] |c Werner Lehfeldt |
| 250 | |a 2., verb. und erw. Aufl. | ||
| 264 | 1 | |a München [u.a.] |b Sagner |c 2012 | |
| 300 | |a XII, 174 S. |b graph. Darst. |c 21 cm | ||
| 490 | 1 | |a Slavistische Beiträge |v 485 | |
| 490 | 1 | |a Slavistische Beiträge. Studienhilfen |v 18 | |
| 504 | |a Literaturverz. S. [157] - 169 | ||
| 530 | |a Online-Ausg.: | ||
| 533 | |a Online-Ausg. |b [Pieterlen] |c Lang |e Online-Ressource |n ISBN 9783866882331 |n [Online-Ausg.] | ||
| 650 | 7 | |a Russisch |0 (DE-588)4051038-4 |0 (DE-603)085142212 |2 gnd | |
| 650 | 7 | |a Standardsprache |0 (DE-588)4077831-9 |0 (DE-603)085220574 |2 gnd | |
| 650 | 7 | |a Wortakzent |0 (DE-588)4079387-4 |0 (DE-603)085225711 |2 gnd | |
| 830 | 0 | |t Slavistische Beiträge |v 485 |w (DE-603)335987338 |w (DE-600)2755176-3 |9 3485 |7 as | |
| 830 | 0 | |t Slavistische Beiträge |n Studienhilfen |v 18 |w (DE-603)016575881 |w (DE-600)2177045-1 |9 218 |7 as | |
| 856 | |u https://www.peterlang.com/search?f_0=identifier&level=parent&q_0=9783866882331 |x Verlag | ||
| 856 | 4 | 2 | |m B:DE-101 |q application/pdf |u http://d-nb.info/1024706095/04 |3 Inhaltsverzeichnis |
| 912 | |a ZDB-114-VOS | ||
| 924 | 1 | |9 603 |a (DE-603)751106941 |b DE-603 |c HES |d d | |
| 924 | 1 | |9 603 |a (DE-603)1023920298 |b DE-603 |c HES |d d | |
| 924 | 1 | |9 603 |a (DE-603)1320838855 |b DE-603 |c HES |d d | |


